书目信息 |
| 题名: |
助推:快与慢
|
|
| 作者: | 桑斯坦 著 ;王格非 , 路智雯 译 | |
| 分册: | ||
| 出版信息: | 北京 中国人民大学出版社 2021 |
|
| 页数: | [15], 172页 | |
| 开本: | 22cm | |
| 丛书名: | ||
| 单 册: | ||
| 中图分类: | F069.9 | |
| 科图分类: | ||
| 主题词: | 行为经济学--xing wei jing ji xue--研究 | |
| 电子资源: | ||
| ISBN: | 978-7-300-18831-7 | |
| 000 | 01240nam0 2200277 450 | |
| 001 | 2167956155 | |
| 005 | 20211112185239.31 | |
| 010 | @a978-7-300-18831-7@b精装@dCNY52.00 | |
| 100 | @a20201231d2021 em y0chiy50 ea | |
| 101 | 1 | @achi@ceng |
| 102 | @aCN@b110000 | |
| 105 | @ak a 000yy | |
| 200 | 1 | @a助推:快与慢@Azhu tui:kuai yu man@e人类动因与行为经济学@f(美) 卡斯·R. 桑斯坦著@d= Human agency and behavioral economics@enudging fast and slow@fCass R. Sunstein@g王格非, 路智雯译@zeng |
| 210 | @a北京@c中国人民大学出版社@d2021 | |
| 215 | @a[15], 172页@d22cm | |
| 320 | @a有书目 | |
| 330 | @a本书把助推领域中常见的困惑讲得清清楚楚。按照桑斯坦的看法,助推同时考虑了人的动因和控制,通过一些机制的设计,能够激发人们的动因,从而促使人们做出某些符合特定目标的行为,但同时又不会损害人们的选择自由。 | |
| 500 | 10 | @aHuman agency and behavioral economics : nudging fast and slow@mChinese |
| 517 | 1 | @a人类动因与行为经济学@Aren lei dong yin yu xing wei jing ji xue |
| 606 | 0 | @a行为经济学@Axing wei jing ji xue@x研究 |
| 690 | @aF069.9@v5 | |
| 701 | 1 | @a桑斯坦@Asang si tan@g(Sunstein, Cass R.)@4著 |
| 702 | 0 | @a王格非@Awang ge fei@4译 |
| 702 | 0 | @a路智雯@Alu zhi wen@4译 |
| 801 | 0 | @aCN@bBP@c20201231 |
| 905 | @aZUCC@dF069.9@e14 | |
| 助推:快与慢:人类动因与行为经济学/(美) 卡斯·R. 桑斯坦著= Human agency and behavioral economics:nudging fast and slow/Cass R. Sunstein/王格非, 路智雯译.-北京:中国人民大学出版社,2021 |
| [15], 172页;22cm |
| ISBN 978-7-300-18831-7(精装):CNY52.00 |
| 本书把助推领域中常见的困惑讲得清清楚楚。按照桑斯坦的看法,助推同时考虑了人的动因和控制,通过一些机制的设计,能够激发人们的动因,从而促使人们做出某些符合特定目标的行为,但同时又不会损害人们的选择自由。 |
| ● |
| 相关链接 |
|
|
|
正题名:助推:快与慢
索取号:F069.9/14
 
预约/预借
| 序号 | 登录号 | 条形码 | 馆藏地/架位号 | 状态 | 备注 |
| 1 | 2000881258 | 2000881258 | 第三书库/ [索取号:F069.9/14] | 在馆 | |
| 2 | 2000881259 | 2000881259 | 第三书库/ [索取号:F069.9/14] | 在馆 | |
| 3 | 2000881260 | 2000881260 | 第三书库/ [索取号:F069.9/14] | 在馆 |